00608nam a2200169 a 45000010005000000030005000050050017000100080041000270400020000681000038000882450095001262600073002213000019002949420008003139990015003219520102003361395CDMR20130116135210.0130130s1983||||||||||||||||||||||||||||d aCDMRbcatcCDMR1 aAlberch i Fugueras, Ramón9106810aGuia inventari de l'arxiu històric de l'ajuntament de GironacRamón Alberch i Fugueras aGironac1983bAjuntament de Girona. Servei Municipal de Publicacions a274 p ;c21 cm cMON c1395d1395 001040708REFaCDMRbCDMRd2013-01-16l0oArpAr151064201301161251r2013-01-16w2013-01-16yREF